[Event "Heusenstamm Sparkassen op U14 6th"]
[Site "Heusenstamm"]
[Date "2019.11.24"]
[Round "7"]
[White "Tobias, Franziska Ylvi"]
[Black "Akcapinar, Timur"]
[Result "1/2-1/2"]
[WhiteElo "1266"]
[BlackElo "1106"]
[PlyCount "27"]
[EventDate "2019.11.21"]
[EventType "swiss"]
[EventRounds "7"]
[EventCountry "GER"]
[SourceTitle "CBM 194 Extra"]
[Source "ChessBase"]
[SourceDate "2020.03.31"]
[SourceVersion "1"]
[SourceVersionDate "2020.03.31"]
[SourceQuality "1"]

1. e4 c5 2. c3 d6 3. d4 cxd4 4. cxd4 Nf6 5. Nc3 g6 6. Nf3 Bg7 7. Bc4 0-0 8. e5 dxe5 9. Nxe5 Nc6 10. Bxf7+ Rxf7 11. Nxf7 Kxf7 12. 0-0 Qxd4 13. Qb3+ Kf8 14. Bg5 1/2-1/2

[Event "Heusenstamm Sparkassen op U14 6th"]
[Site "Heusenstamm"]
[Date "2019.11.24"]
[Round "6"]
[White "Zhao, Yunsheng"]
[Black "Tobias, Franziska Ylvi"]
[Result "1-0"]
[WhiteElo "1145"]
[BlackElo "1266"]
[PlyCount "81"]
[EventDate "2019.11.21"]
[EventType "swiss"]
[EventRounds "7"]
[EventCountry "GER"]
[SourceTitle "CBM 194 Extra"]
[Source "ChessBase"]
[SourceDate "2020.03.31"]
[SourceVersion "1"]
[SourceVersionDate "2020.03.31"]
[SourceQuality "1"]

1. e4 e5 2. Nf3 Nc6 3. Bc4 Bc5 4. c3 Nf6 5. d4 exd4 6. cxd4 Bb4+ 7. Bd2 Bxd2+ 8. Nbxd2 0-0 9. 0-0 d5 10. exd5 Nxd5 11. Re1 Bg4 12. h3 Bh5 13. Nf1 Bxf3 14. Qxf3 Nb6 15. Rac1 Nxd4 16. Qxb7 Nf5 17. Rcd1 Qf6 18. Bd3 Nd7 19. Qb5 Nh4 20. Qxd7 Qg5 21. Qg4 Qxg4 22. hxg4 g6 23. Be4 Rfe8 24. Bxa8 Rxa8 25. Re3 Rb8 26. g3 Nf5 27. gxf5 gxf5 28. b3 Rb4 29. Rd7 Rb7 30. Ree7 Kg7 31. Rxf7+ Kg6 32. Rxh7 a6 33. Rxc7 Rxc7 34. Rxc7 a5 35. a3 Kg5 36. b4 axb4 37. axb4 f4 38. b5 fxg3 39. b6 gxf2+ 40. Kxf2 Kf4 41. b7 1-0

[Event "Bad Soden U10 op 5th"]
[Site "Bad Soden"]
[Date "2018.10.03"]
[Round "9"]
[White "Trinz, Nikita"]
[Black "Tobias, Franziska Ylvi"]
[Result "1-0"]
[WhiteElo "809"]
[BlackElo "846"]
[PlyCount "137"]
[EventDate "2018.09.30"]
[EventType "swiss"]
[EventRounds "9"]
[EventCountry "GER"]
[SourceTitle "EXT 2020"]
[Source "ChessBase"]
[SourceDate "2019.10.17"]
[SourceVersion "1"]
[SourceVersionDate "2019.10.17"]
[SourceQuality "1"]

1. e4 e5 2. Nc3 Nf6 3. Nf3 Bd6 4. Bc4 0-0 5. d3 Nc6 6. Bg5 Bb4 7. h3 Na5 8. a3 Bxc3+ 9. bxc3 Nxc4 10. dxc4 h6 11. Bxf6 Qxf6 12. 0-0 Qg6 13. Nh4 Qg5 14. Qg4 Qd2 15. Nf5 g6 16. Ne7+ Kh8 17. Qd1 Qxc3 18. Qd3 Qa5 19. a4 d6 20. Nxc8 Raxc8 21. Qd5 Qc3 22. Qd3 Qa5 23. Qd5 Qc3 24. Qd3 Qa5 25. Qd5 Qb6 26. Rfb1 Qa6 27. Qb5 Qxb5 28. Rxb5 c6 29. Rxb7 Rb8 30. Rab1 Ra8 31. Rd1 Rfd8 32. Rxf7 Rab8 33. Rxa7 Rb4 34. c5 Rdb8 35. cxd6 Rb1 36. Rxb1 Rxb1+ 37. Kh2 Rb8 38. Rc7 Rd8 39. d7 Rf8 40. Rc8 Rxc8 41. dxc8Q+ Kh7 42. Qxc6 g5 43. a5 g4 44. a6 g3+ 45. Kh1 gxf2 46. Qc4 h5 47. a7 h4 48. a8R Kg7 49. Qc6 f1Q+ 50. Kh2 Qf4+ 51. Kg1 Qc1+ 52. Kh2 Qf4+ 53. Kg1 Qc1+ 54. Kf2 Qf4+ 55. Ke2 Qf7 56. Qd6 Qc4+ 57. Qd3 Qc7 58. Qe3 Qb7 59. Ra7 Qf7 60. Rxf7+ Kxf7 61. c4 Ke7 62. Qd2 Ke8 63. c5 Ke7 64. c6 Ke8 65. c7 Ke7 66. c8R Kf7 67. Rc6 Kg7 68. Qd7+ Kh8 69. Rc8# 1-0

[Event "GER-ch U10 Girls"]
[Site "Willingen"]
[Date "2018.05.25"]
[Round "10"]
[White "Muhina, Alina"]
[Black "Tobias, Franziska Ylvi"]
[Result "1-0"]
[WhiteElo "948"]
[BlackElo "909"]
[PlyCount "107"]
[EventDate "2018.05.19"]
[EventType "swiss"]
[EventRounds "11"]
[EventCountry "GER"]
[SourceTitle "CBM 184 Extra"]
[Source "ChessBase"]
[SourceDate "2018.06.28"]
[SourceVersion "1"]
[SourceVersionDate "2018.06.28"]
[SourceQuality "1"]

1. e4 e5 2. Nf3 Nc6 3. d4 exd4 4. Nxd4 Nf6 5. Nxc6 bxc6 6. Nc3 Bb4 7. e5 Qe7 8. Qe2 Nd5 9. Bd2 0-0 10. g3 d6 11. exd6 Qxe2+ 12. Bxe2 cxd6 13. Nxd5 Bxd2+ 14. Kxd2 cxd5 15. Rad1 Rb8 16. Kc1 Bf5 17. Rxd5 Be6 18. Rxd6 Rfe8 19. Ra6 Ra8 20. Bf3 Rac8 21. Rxa7 Bf5 22. c3 Red8 23. Re1 Rd3 24. Rae7 g6 25. Bb7 Rcd8 26. a4 Rd2 27. Re8+ Rxe8 28. Rxe8+ Kg7 29. a5 Rc2+ 30. Kd1 Rxb2 31. Re2 Bg4 32. f3 Rb1+ 33. Kc2 Bf5+ 34. Be4 Rb5 35. Bxf5 Rxf5 36. a6 Ra5 37. c4 Rxa6 38. Kb3 Rb6+ 39. Ka4 Rc6 40. Kb5 Rc8 41. Rc2 Rb8+ 42. Kc5 Rc8+ 43. Kd4 f5 44. Ke3 g5 45. c5 Re8+ 46. Kf2 f4 47. g4 h6 48. c6 Kg6 49. c7 Rc8 50. Rc6+ Kh7 51. Ke2 h5 52. gxh5 g4 53. fxg4 Re8+ 54. Kf3 1-0

[Event "GER-ch U10 Girls"]
[Site "Willingen"]
[Date "2018.05.23"]
[Round "7"]
[White "Scherer, Pia"]
[Black "Tobias, Franziska Ylvi"]
[Result "1-0"]
[WhiteElo "740"]
[BlackElo "909"]
[PlyCount "43"]
[EventDate "2018.05.19"]
[EventType "swiss"]
[EventRounds "11"]
[EventCountry "GER"]
[SourceTitle "CBM 184 Extra"]
[Source "ChessBase"]
[SourceDate "2018.06.28"]
[SourceVersion "1"]
[SourceVersionDate "2018.06.28"]
[SourceQuality "1"]

1. e4 e5 2. Nf3 Nc6 3. Bc4 Nf6 4. Ng5 Bc5 5. Nxf7 Qe7 6. Nxh8 d6 7. Nc3 Be6 8. Bb3 Bxb3 9. axb3 0-0-0 10. d3 Rxh8 11. 0-0 Kb8 12. Re1 Nd7 13. Be3 Bxe3 14. Rxe3 Rf8 15. f3 Qg5 16. Re2 Rf6 17. Rf2 Nd4 18. Nd5 Rg6 19. Qe1 Nxc2 20. Qa5 b6 21. Qxa7+ Kc8 22. Qxc7# 1-0

[Event "GER-ch U10 Girls"]
[Site "Willingen"]
[Date "2018.05.23"]
[Round "6"]
[White "Tobias, Franziska Ylvi"]
[Black "Jacobs, Linda Regina"]
[Result "1-0"]
[WhiteElo "909"]
[BlackElo "793"]
[PlyCount "61"]
[EventDate "2018.05.19"]
[EventType "swiss"]
[EventRounds "11"]
[EventCountry "GER"]
[SourceTitle "CBM 184 Extra"]
[Source "ChessBase"]
[SourceDate "2018.06.28"]
[SourceVersion "1"]
[SourceVersionDate "2018.06.28"]
[SourceQuality "1"]

1. e4 d5 2. exd5 Qxd5 3. Nc3 Qa5 4. Nf3 c6 5. Bc4 Bf5 6. 0-0 Qc7 7. d4 Nf6 8. Re1 e6 9. Bg5 Nbd7 10. d5 e5 11. d6 Bxd6 12. Re2 0-0 13. Rd2 Bc5 14. Nh4 Bg4 15. Re2 e4 16. Be3 Bxe2 17. Qxe2 Be7 18. g3 b5 19. Bf4 Qb6 20. Nxe4 Nxe4 21. Qxe4 Bc5 22. Bd3 Nf6 23. Qf5 Bxf2+ 24. Kh1 Qb7 25. Be5 c5+ 26. Ng2 Rfe8 27. Qg5 Re7 28. Bxf6 Kf8 29. Qxg7+ Ke8 30. Bf5 Re2 31. Qg8# 1-0

[Event "GER-ch U10 Girls"]
[Site "Willingen"]
[Date "2018.05.20"]
[Round "2"]
[White "Tobias, Franziska Ylvi"]
[Black "Trunz, Tamila"]
[Result "0-1"]
[WhiteElo "909"]
[BlackElo "1046"]
[PlyCount "66"]
[EventDate "2018.05.19"]
[EventType "swiss"]
[EventRounds "11"]
[EventCountry "GER"]
[SourceTitle "CBM 184 Extra"]
[Source "ChessBase"]
[SourceDate "2018.06.28"]
[SourceVersion "1"]
[SourceVersionDate "2018.06.28"]
[SourceQuality "1"]

1. e4 e5 2. Nf3 Nc6 3. Bc4 Bc5 4. 0-0 Nf6 5. c3 d6 6. d4 Nxe4 7. dxc5 Nxc5 8. Bg5 f6 9. Be3 Bg4 10. Bxc5 dxc5 11. Qxd8+ Rxd8 12. Nbd2 a6 13. Rfe1 b5 14. Bd5 Rxd5 15. Rad1 0-0 16. b3 Rfd8 17. Re2 Bxf3 18. gxf3 Rd3 19. f4 Rxc3 20. Rde1 Nd4 21. Re4 exf4 22. Rxf4 Rc2 23. Ne4 Re8 24. Nxf6+ gxf6 25. Rg4+ Kf7 26. Rxe8 Kxe8 27. Rg8+ Kf7 28. Rc8 Rxa2 29. Rxc7+ Kg6 30. Rxc5 Nxb3 31. Rc3 Nd2 32. Rg3+ Kf7 33. Rg2 Ra1# 0-1